| 000 | 00795nas a2200253 i 4500 | ||
|---|---|---|---|
| 001 | 1849 | ||
| 003 | ES-MaACL | ||
| 005 | 20250217134410.0 | ||
| 007 | t| | ||
| 008 | 950801d19161936sp | | 1 ||pa d | ||
| 022 | _a1131-0901 | ||
| 245 | 0 | 0 |
_aRevista española de obstetricia y ginecología / _cdir. P. Nubiola, S. Recasens y P. Zuloaga. |
| 260 |
_aMadrid : _b[s.n.], _c1916-1936 ( _eValladolid : _fTalls. Tipográficos Cuesta) |
||
| 300 |
_a23 v. ; _c28 cm. |
||
| 310 | _aMensual | ||
| 362 | 0 | _aAño I (1916)-(1936) | |
| 650 | 1 | 4 |
_aGinecología. _913119 |
| 700 | 0 |
_aNubiola, Pedro. _986115 |
|
| 700 | 1 |
_aRecasens y Girol, Sebastián, _d1863-1933 _995752 |
|
| 700 | 1 |
_aZuloaga, P, _edir. _9194306 |
|
| 852 |
_aES-MaACL _jHem-243 |
||
| 866 | 0 | _o1916-36 | |
| 999 |
_c1849 _d1849 |
||